000 00342nam a22001457a 4500
020 _a978-93-8517527
082 _a894.812.3
_bPAL/N
100 _aPALLIPPURAM,SIPPY
245 _aNOORU BAPPUJIKKATHAKAL
250 _aSEVENTH
260 _aTHRISSUR
_bH&C PUBLISHING HOUSE
_c2022
300 _a112
650 _aSHORT STORY
_zKERALA
942 _cBK
999 _c1520
_d1520